| 000 | 01289cam a22002174a 4500 | ||
|---|---|---|---|
| 005 | 20250605164005.0 | ||
| 008 | 250528s ||||||||||||||||||||||||d | ||
| 035 | _a15777 | ||
| 020 | _a30627346 | ||
| 040 |
_aGR-AtMCL _bgre _dGR-AtMCL _eAACR2 |
||
| 245 | 1 | _aInternational Marketing / Third Edition | |
| 250 | _a3rd | ||
| 260 |
_bThe Dryden Press, _c1983 |
||
| 300 | _a706 | ||
| 505 | 0 | _aThe International Environment, Introduction to International Marketing, The Political-Legal Environment, International Marketing Management, Marketing to the World, Distribution: Entering Foreign Markets, Pricing in International Marketing, Coordinating International Marketing, International Marketing Planning, Organization and Control of International Marketing, Supplementary Cases, Index. | |
| 520 | _aThe International Environment, Introduction to International Marketing, The Political-Legal Environment, International Marketing Management, Marketing to the World, Distribution: Entering Foreign Markets, Pricing in International Marketing, Coordinating International Marketing, International Marketing Planning, Organization and Control of International Marketing, Supplementary Cases, Index. | ||
| 700 | 1 |
_aTerpstra Vern _91750 |
|
| 942 | _cBK | ||
| 999 |
_c1332 _d1332 |
||